| 000 | 01224 a2200181 4500 | ||
|---|---|---|---|
| 003 | Nust | ||
| 005 | 20221220111844.0 | ||
| 020 | _a8130706156 | ||
| 040 | _cNust | ||
| 082 | _a320.01,BAR | ||
| 100 |
_aBarker, Ernest, Sir, _9105308 |
||
| 245 |
_aGreek political theory, Plato and his predecessors / _cBarker, Ernest, Sir, |
||
| 260 |
_aLondon _b, Methuen; New York, Barnes & Noble _c[1960] |
||
| 300 |
_axiii,468, p.; _b. 21 cm. |
||
| 505 | _aThe Greek Theory of the State (Page-1), Political Thoughts before the Sophist (Page-41), The Political Theory of the Sophist (Page-55), Socrates and the Minor Socratics (Page-86), Plato and the Platonic Dialogue (Page-109), The Republic and Its Theory of Justice (Page-145), The Republic and its Theory of Education (Page-181),The Republic and its Theory of Communism (Page-206), Plato and the States of Greece (Page-239), The Politicos (Page-271), The Laws and its General Theory of the State (Page-292), The Systems of Social Relation in the Laws (Page-314), The Systems of Government in the Laws (Page-330), The Law and its Theory of Law (Page-353), The Theory of Education in the Laws (Page-369 ). | ||
| 650 |
_a political theory, _9105309 |
||
| 942 |
_2ddc _cBK _k320.01,BAR |
||
| 999 |
_c184901 _d184901 |
||